Chat GPT top 15 sportifs français depuis 2000 - Statistiques

Statistiques générales
  • Ce quiz a été pris 74 fois
  • Le résultat moyen est 4 sur 15
Statistiques - réponses
Hint Réponse % Correct
9. Sport co Kylian Mbappé
83%
2. Sport co Zinédine Zidane
82%
1. Sport indiv Teddy Riner
44%
3. Sport co Tony Parker
35%
8. Sport co Karim Benzema
30%
4. Sport d'hiver Martin Fourcade
30%
5. Athlétisme Renaud Lavillenie
24%
6. Sport indiv Laure Manaudou
17%
12. Sport indiv Florent Manaudou
15%
13. Sport indiv Jo-Wilfried Tsonga
11%
7. Sport indiv Alain Bernard
8%
11. Sport indiv Amélie Mauresmo
6%
10. Sport indiv Clarisse Agbégnénou
5%
14. Sport indiv yannick Agnel
5%
15. Sport indiv Julian Alaphilippe
3%
Aucun quiz correspondant
Distribution des résultats
% des personnes avec chaque résultat
Percentile par nombre de réponses
Votre historique - résultats
Vous n’avez pas pris ce quiz